"Even the Losers" Tom Petty Lyrics - Statistics

General Stats
  • This quiz has been taken 10 times
  • The average score is 88 of 133
Answer Stats
Lyrics % Correct
I
100%
the
100%
a
89%
be.
89%
even
89%
in
89%
losers
89%
me.
89%
me
89%
see.
89%
we
89%
when
89%
you
89%
and
78%
been
78%
could
78%
get
78%
have
78%
it
78%
it's
78%
No,
78%
on
78%
shoulda
78%
sometimes
78%
sometimes.
78%
that
78%
then
78%
to
78%
was
78%
Yeah,
78%
yeah,
78%
your
78%
about
67%
at
67%
couldn't
67%
feel
67%
last.
67%
like
67%
lucky
67%
never
67%
of
67%
they
67%
time
67%
too
67%
Two
67%
Well,
67%
Baby,
56%
known
56%
live
56%
made
56%
moon
56%
right
56%
said
56%
sat
56%
such
56%
word
56%
broken
44%
cars
44%
drag
44%
easy
44%
every
44%
forget
44%
glass
44%
God,
44%
good
44%
meant
44%
nothing,
44%
overpass
44%
parked
44%
past.
44%
roof.
44%
showed
44%
stared
44%
stars
44%
summer,
44%
bit
33%
cigarettes
33%
fire
33%
keep
33%
kiss
33%
little
33%
nearly
33%
pride,
33%
real
33%
rocks
33%
smoked
33%
Babe,
22%
hit
22%
seemed
22%
water
22%
anything
0%
No matching quizzes found
Score Distribution
Percent of People with Each Score
Percentile by Number Answered
Your Score History
You have not taken this quiz